Statistiques concernant Quel avion ?

Cliquez ici pour prendre le quiz!

Statistiques générales

  • Ce quiz a été pris 557 fois
  • Le résultat moyen est 5 sur 9

Statistiques - réponses

Réponse% Correct
A320
96%
a350
77%
a340
74%
B737
67%
b777
67%
ATR72
39%
dr400
38%
C172
26%
Constellation
21%

Distribution des résultats

Percentile par nombre de réponses

% des personnes avec chaque résultat

Votre développement - résultats

Vous n’avez pas pris ce quiz